Численное прогнозирование упругих характеристик пространственно-армированных композиционных материалов; Современные технологии и материалы новых поколений

Bibliografiset tiedot
Parent link:Современные технологии и материалы новых поколений.— 2017.— [С. 56-57]
Päätekijä: Аношкин А. Н.
Yhteisötekijä: Пермский национальный исследовательский политехнический университет (ПНИПУ)
Muut tekijät: Писарев П. В., Ермаков Д. А.
Yhteenveto:Заглавие с экрана
Kieli:venäjä
Julkaistu: 2017
Sarja:Проблемы прочности, пластичности и усталостной долговечности современных конструкционных материалов
Aiheet:
Linkit:http://earchive.tpu.ru/handle/11683/43769
Aineistotyyppi: Elektroninen Kirjan osa
KOHA link:https://koha.lib.tpu.ru/cgi-bin/koha/opac-detail.pl?biblionumber=624031

MARC

LEADER 00000naa2a2200000 4500
001 624031
005 20231101133307.0
035 |a (RuTPU)RU\TPU\conf\23226 
035 |a RU\TPU\conf\23225 
090 |a 624031 
100 |a 20171027d2017 k y0rusy50 ca 
101 0 |a rus  |e rus 
102 |a RU 
105 |a y z 101zy 
135 |a drcn ---uucaa 
181 0 |a i  
182 0 |a b 
200 1 |a Численное прогнозирование упругих характеристик пространственно-армированных композиционных материалов  |f А. Н. Аношкин, П. В. Писарев, Д. А. Ермаков 
203 |a Текст  |c электронный 
225 1 |a Проблемы прочности, пластичности и усталостной долговечности современных конструкционных материалов 
230 |a 1 компьютерный файл (pdf; 207 Кб) 
300 |a Заглавие с экрана 
320 |a [Библиогр.: с. 57 (1 назв.)] 
463 0 |0 (RuTPU)RU\TPU\conf\23187  |t Современные технологии и материалы новых поколений  |o сборник трудов Международной конференции с элементами научной школы для молодежи, г. Томск, 9-13 октября 2017 г.  |f Национальный исследовательский Томский политехнический университет (ТПУ) ; Российская академия наук (РАН), Сибирское отделение (СО), Институт физики прочности и материаловедения (ИФПМ)  |v [С. 56-57]  |d 2017 
610 1 |a электронный ресурс 
610 1 |a прогнозирование 
610 1 |a упругие характеристики 
610 1 |a композиционные материалы 
610 1 |a армирование 
610 1 |a армированные композиционные материалы 
610 1 |a численные модели 
700 1 |a Аношкин  |b А. Н. 
701 1 |a Писарев  |b П. В. 
701 1 |a Ермаков  |b Д. А. 
712 0 2 |a Пермский национальный исследовательский политехнический университет (ПНИПУ)  |c (2011- )  |2 stltpush  |3 (RuTPU)RU\TPU\col\19942 
801 2 |a RU  |b 63413507  |c 20171103  |g RCR 
856 4 |u http://earchive.tpu.ru/handle/11683/43769 
942 |c BK